Tableau des médailles olympiques - Los Angeles 1984 - Statistiques

Statistiques générales
  • Ce quiz a été pris 16 fois
  • Le résultat moyen est 8 sur 10
Statistiques - réponses
Or Argent Bronze Total Pays % Correct
5 7 16 28 France
100%
17 19 23 59 Allemagne de l’Ouest
94%
15 8 9 32 Chine
94%
83 61 30 174 États-Unis
94%
10 8 14 32 Japon
88%
5 11 21 37 Grande-Bretagne
81%
14 6 12 32 Italie
81%
4 8 12 24 Australie
75%
10 18 16 44 Canada
69%
20 16 17 53 Roumanie
19%
Aucun quiz correspondant
Distribution des résultats
% des personnes avec chaque résultat
Percentile par nombre de réponses
Votre historique - résultats
Vous n’avez pas pris ce quiz